Total golf

Bibliographic Details
Main Author: Adams, Mike
Other Authors: Moleny, Kathryn, Tomasi, T.J
Format: Book
Published: UK : Carlton Books , 2000
Subjects:

MARC

LEADER 00000cam a2200000 7i4500
001 0000021423
005 20080717.0
008 080717
020 |a 1842222139 
090 0 0 |a 796.352   |b ADA 
100 1 |a Adams, Mike 
245 1 0 |a Total golf   |c Mike Adams & T.J. Tomasi with Kathryn Moleny 
260 |a UK :   |b Carlton Books ,   |c 2000 
650 0 |a Golf 
700 1 |a Moleny, Kathryn 
700 1 |a Tomasi, T.J 
999 |a 0000934679   |b Book   |c Adult Collection   |e Cawangan Tangkak 
999 |a 0000934680   |b Book   |c Adult Collection   |e Cawangan Tangkak 
999 |a 0001029558   |b Book   |c REFERENCE   |e Perbadanan Perpustakaan Awam Johor